| 000 | 00923cab a2200229 4500 | ||
|---|---|---|---|
| 001 | X3299 | ||
| 008 | 090401t1996 xxu||||| |||| 00| 0 eng d | ||
| 035 | _a(Sirsi) u29664 | ||
| 041 | _aeng | ||
| 245 | _aYorkshire Water Services Ltd (River Wharfte) (Drought) Order 1995 | ||
| 260 | _c1996 | ||
| 350 | _a0 | ||
| 490 |
_aPlanning Appeal Decisions _v[1996] 11 PAD 191-195(5) |
||
| 520 | _aDecision letter 21 August 1995. Application for drought order to give temporary modifications to existing abstraction licences - conservation of reserves - preservation of envrionment - exceptional shortage of rain - leakage - foresight of company - effect on river life - agreement with NRA (taken from heading). | ||
| 650 | _aDROUGHT ORDER | ||
| 650 | _aWATER INDUSTRY ACT 1991 S18 | ||
| 650 | _aWATER RESOURCES ACT 1991 S20 | ||
| 650 | _aYORKSHIRE WATER | ||
| 690 | _aWATER-CASE LAW | ||
| 942 | _n0 | ||
| 948 | _c04/03/1997 | ||
| 999 |
_c19956 _d19956 |
||